00448nam a2200181Ia 4500008004100000020001800041041000800059082001600067100001800083245001600101250001100117260003600128300000900164500004100173500001600214650001800230700001800248230125s9999 xx 000 0 und d a0-534-02800-4 aeng a658.45bVER aVerderber R F aCommunicate a4th ed c1984bWadsworth pubaCalifornia a396p aBusiness Communication;Communication aCommunicate aCommunication aVerderber R F